| 000 | 00737nam a2200193 u 4500 | ||
|---|---|---|---|
| 001 | 000786248 | ||
| 003 | AM-YeHGA | ||
| 005 | 20250617144102.0 | ||
| 008 | 110201s1984 ||| r 000 0 rus d | ||
| 040 | _aAM-YeHGA | ||
| 041 | 0 | _arus | |
| 100 | 1 |
_aКуприн, Александр Иванович _d1870-1938. |
|
| 245 | 1 | 0 |
_aИзбранное / _cА.И. Куприн. |
| 260 |
_aКишинев : _bКартя Молдовеняскэ, _c1984. |
||
| 300 |
_a727 с. : _bил. |
||
| 505 | 0 | _aЯма; Молох; Олеся; Поединок; Гамбринус; Мелюзга; Суламифь; Гранатовый браслет; Храбрые беглецы | |
| 653 | 0 | _aРусская литература | |
| 090 | _c288979 | ||
| 999 |
_c287311 _d287311 |
||